00326nam a2200121Ia 4500008004100000020002200041041000800063082002200071100001400093245005100107260003700158300000900195230411s9999 xx 000 0 und d a978-93-5250-157-1 aeng aPY/150/PRA/B08928 aPrakash P aFundamentals of Psychology for Graduate Nurses bJaypee BrothersaNew Delhic2016 a308p